| 000 | 00368 a2200157 4500 | ||
|---|---|---|---|
| 001 | 149335 | ||
| 040 | _cEscola São Tomás de Aquino | ||
| 100 | _aALBERGARIA , Lino de | ||
| 240 | 1 | 0 |
_aA família invisível _lpor |
| 245 | 1 | 0 | _aA família invisível |
| 300 | _a83 | ||
| 362 | 0 | _a2005 | |
| 440 | 1 | _aSaraiva | |
| 697 | _a*LITERATURA INFANTO JUVENIL | ||
| 942 | _cBK | ||
| 999 |
_c149335 _d149335 |
||